{"text_format":"3","workbook":"xlsx","n_sheets":2,"sheets":["SUMMARY","MATERIAL TAKE-OFF"],"not_rendered":{"charts":1,"images":2,"defined_names":4},"read":"whole","date_system":"1900"}

{"sheet":"SUMMARY","index":0,"n_rows":18,"n_cols":4,"rows_kept":18,"merged":[[12,0,12,1],[13,0,13,3],[17,0,17,1]]}
[]
["Project ID:"]
[]
["Address:"]
[]
["No. of Floors:",1]
[]
["Building GSF",456]
[]
["DIVISION NO.","DESCRIPTION","TOTAL DIV. COST","TOTAL DIV. COST (PER SF)"]
[1000,"Overhead and Preliminaries",{"$f":"'MATERIAL TAKE-OFF'!L13","v":{"v":11208.48,"d":"$11,208"}},{"$f":"C11/$B$8","v":{"v":24.58,"d":"$24.58"}}]
[22000,"Others",{"$f":"'MATERIAL TAKE-OFF'!L26","v":{"v":15966.65,"d":"$15,967"}},{"$f":"C12/$B$8","v":{"v":35.014583333333334,"d":"$35.01"}}]
["SUBTOTAL CONSTRUCTION COST",null,{"$f":"SUM(C11:C12)","v":{"v":27175.129999999997,"d":"$27,175"}},{"$f":"SUM(D11:D12)","v":{"v":59.59458333333333,"d":"$60"}}]
[]
["PROFIT",{"v":0.15,"d":"15%"},{"$f":"$C$13*B15","v":{"v":4076.2694999999994,"d":"$4,076"}},{"$f":"$D$13*B15","v":8.9391875}]
["TOTAL PROJECT COST",null,{"$f":"C15+C13","v":{"v":31251.399499999996,"d":"$31,251"}},{"$f":"$D$13*B16","v":0}]
["GST",{"v":0.1,"d":"10%"},{"$f":"C16*B17","v":{"v":3125.1399499999998,"d":"$3,125"}},{"$f":"$D$13*B17","v":{"v":5.959458333333334,"d":"$6"}}]
["TOTAL PROJECT COST INCL. GST",null,{"$f":"SUM(C16:C17)","v":{"v":34376.53945,"d":"$34,377"}},{"$f":"SUM(D13:D17)","v":{"v":74.49322916666667,"d":"$74"}}]

{"sheet":"MATERIAL TAKE-OFF","index":1,"n_rows":43,"n_cols":13,"rows_kept":43,"merged":[[2,6,2,7],[2,8,2,9],[3,6,3,7],[3,8,3,9],[4,6,4,7],[4,8,4,9],[5,6,5,7],[5,8,5,9],[6,6,6,7],[6,8,6,9],[7,6,7,7],[7,8,7,9],[10,1,10,10],[14,1,14,10],[16,1,24,1],[26,0,26,8],[27,0,27,9],[28,0,28,9],[29,0,29,9],[30,0,30,9],[31,0,31,8],[33,1,33,10]]}
[]
[]
["Project: ",{"$f":"SUMMARY!B2","v":0}]
[]
["Address:",{"$f":"SUMMARY!B4","v":0}]
[]
["Scope:","Toilet Accessories"]
[]
["Date:",{"$f":"TODAY()","v":"2025-12-23"}]
["SR #","REF. SHEET #","DESCRIPTION","QUANTITY","UNIT","LABOR RATE","TOTAL LABOUR COST","MATERIAL RATE","TOTAL MATETRIAL COST","EQUIPMENT RATE","TOTAL EQUIPMENT COSTS","SUB COST","NOTE / REMARKS"]
[null,"01. OVERHEAD AND PREMLIMINARIES"]
[1,null,"Overhead and Preliminaries",456,"M2",{"v":21.67,"d":"$21.67"},{"$f":"D12*F12","v":{"v":9881.52,"d":"$9,881.52"}},{"v":2.91,"d":"$2.91"},{"$f":"D12*H12","v":{"v":1326.96,"d":"$1,326.96"}},{"v":0,"d":"$0.00"},{"$f":"D12*J12","v":{"v":0,"d":"$0.00"}},{"$f":"IF(D12=\"\",\"\",(G12+I12+K12))","v":{"v":11208.48,"d":"$11,208.48"}}]
[{"$f":"IF(E13=0,\"\",1+MAX(A12:A12))","v":""},{"$nulls":9},"SUBTOTAL",{"$f":"SUM(L11:L12)","v":{"v":11208.48,"d":"$11,208.48"}}]
[{"$f":"IF(E14=0,\"\",1+MAX(#REF!))","v":""}]
[{"$f":"IF(E15=0,\"\",1+MAX(A14:A14))","v":""},"22. OTHERS"]
[{"$f":"IF(E16=0,\"\",1+MAX(A14:A15))","v":""},null,"Toilet Accessories"]
[2,"A-101","450mm Grab Bar",{"v":18,"d":"18.00"},"EA",{"v":34.91,"d":"$34.91"},{"$f":"D17*F17","v":{"v":628.3799999999999,"d":"$628.38"}},{"v":152.25,"d":"$152.25"},{"$f":"D17*H17","v":{"v":2740.5,"d":"$2,740.50"}},{"v":0,"d":"$0.00"},{"$f":"D17*J17","v":{"v":0,"d":"$0.00"}},{"$f":"IF(D17=\"\",\"\",(G17+I17+K17))","v":{"v":3368.88,"d":"$3,368.88"}}]
[{"$f":"IF(E18=0,\"\",1+MAX(A2:A17))","v":3},null,"750mm Grab Bar",{"v":19,"d":"19.00"},"EA",{"v":34.91,"d":"$34.91"},{"$f":"D18*F18","v":{"v":663.29,"d":"$663.29"}},{"v":166.26,"d":"$166.26"},{"$f":"D18*H18","v":{"v":3158.9399999999996,"d":"$3,158.94"}},{"v":0,"d":"$0.00"},{"$f":"D18*J18","v":{"v":0,"d":"$0.00"}},{"$f":"IF(D18=\"\",\"\",(G18+I18+K18))","v":{"v":3822.2299999999996,"d":"$3,822.23"}}]
[4,null,"900mm Grab Bar",{"v":10,"d":"10.00"},"EA",{"v":34.91,"d":"$34.91"},{"v":349.09999999999997,"d":"$349.10"},{"v":175.2,"d":"$175.20"},{"v":1752,"d":"$1,752.00"},{"v":0,"d":"$0.00"},{"v":0,"d":"$0.00"},{"v":2101.1,"d":"$2,101.10"}]
[5,null,"Tissue Paper Dispenser ",{"v":11,"d":"11.00"},"EA",{"v":17.41,"d":"$17.41"},{"v":191.51,"d":"$191.51"},{"v":62.95,"d":"$62.95"},{"v":692.45,"d":"$692.45"},{"v":0,"d":"$0.00"},{"v":0,"d":"$0.00"},{"v":883.96,"d":"$883.96"}]
[6,null,"Soap Dispenser",{"v":11,"d":"11.00"},"EA",{"v":17.41,"d":"$17.41"},{"v":191.51,"d":"$191.51"},{"v":74.73,"d":"$74.73"},{"v":822.0300000000001,"d":"$822.03"},{"v":0,"d":"$0.00"},{"v":0,"d":"$0.00"},{"v":1013.5400000000001,"d":"$1,013.54"}]
[7,null,"Mirror \r",{"v":11,"d":"11.00"},"EA",{"v":107.43,"d":"$107.43"},{"v":1181.73,"d":"$1,181.73"},{"v":135.11,"d":"$135.11"},{"v":1486.21,"d":"$1,486.21"},{"v":0,"d":"$0.00"},{"v":0,"d":"$0.00"},{"v":2667.94,"d":"$2,667.94"}]
[8,null,"\rTowel Bar",{"v":11,"d":"11.00"},"EA",{"v":23.74,"d":"$23.74"},{"v":261.14,"d":"$261.14"},{"v":77.5,"d":"$77.50"},{"v":852.5,"d":"$852.50"},{"v":0,"d":"$0.00"},{"v":0,"d":"$0.00"},{"v":1113.6399999999999,"d":"$1,113.64"}]
[9,null,"Tooth Brush Holder",{"v":8,"d":"8.00"},"EA",{"v":12.3,"d":"$12.30"},{"v":98.4,"d":"$98.40"},{"v":49.91,"d":"$49.91"},{"v":399.28,"d":"$399.28"},{"v":0,"d":"$0.00"},{"v":0,"d":"$0.00"},{"v":497.67999999999995,"d":"$497.68"}]
[10,null,"Coat Hook",{"v":8,"d":"8.00"},"EA",{"v":12.3,"d":"$12.30"},{"v":98.4,"d":"$98.40"},{"v":49.91,"d":"$49.91"},{"v":399.28,"d":"$399.28"},{"v":0,"d":"$0.00"},{"v":0,"d":"$0.00"},{"v":497.67999999999995,"d":"$497.68"}]
[{"$nulls":10},"SUBTOTAL",{"$f":"SUM(L15:L25)","v":{"v":15966.65,"d":"$15,966.65"}}]
[]
["SUBTOTAL CONSTRUCTION COST",{"$nulls":10},{"$f":"SUM(L11:L27)/2","v":{"v":27175.13,"d":"$27,175"}}]
["PROFIT",{"$nulls":9},{"v":0.15,"d":"15%"},{"$f":"$L$28*K29","v":{"v":4076.2695,"d":"$4,076.27"}}]
["TOTAL PROJECT COST",{"$nulls":10},{"$f":"L28+L29","v":{"v":31251.3995,"d":"$31,251"}}]
["GST",{"$nulls":9},{"v":0.1,"d":"10%"},{"$f":"L30*K31","v":{"v":3125.13995,"d":"$3,125"}}]
["TOTAL PROJECT COST INCL. GST",{"$nulls":10},{"$f":"L30+L31","v":{"v":34376.53945,"d":"$34,377"}}]
["NOTES:"]
[null,"General Notes: The prices used while preparing the estimate were taken from Cordell Platinum online i.e. the standard pricing. So, it is preferred to review the prices."]
[]
[null,null,"Note",{"$nulls":5},"Legend"]
[null,1,"The drawings are scaled as per the mentioned scales on the plans.",{"$nulls":5},"KG's = Kilogram"]
[{"$nulls":8},"M2= Meter Square "]
[{"$nulls":8},"M = Meter"]
[{"$nulls":8},"EA = Each"]
[{"$nulls":8},"M3 = Meter Cube "]
[{"$nulls":8},"LOC = Location"]
[{"$nulls":8},"LS = Lum Sum"]